Nir! read it, write it, draw it : (Record no. 6811)
[ view plain ]
| 000 -LEADER | |
|---|---|
| fixed length control field | 01444nam a22002897a 4500 |
| 001 - CONTROL NUMBER | |
| control field | 6811 |
| 003 - CONTROL NUMBER IDENTIFIER | |
| control field | FISKH |
| 005 - DATE AND TIME OF LATEST TRANSACTION | |
| control field | 20250529103731.0 |
| 008 - FIXED-LENGTH DATA ELEMENTS--GENERAL INFORMATION | |
| fixed length control field | 250529b cb ||||| |||| 00| 0 eng d |
| 020 ## - INTERNATIONAL STANDARD BOOK NUMBER | |
| International Standard Book Number | 9781584768227 |
| 040 ## - CATALOGING SOURCE | |
| Original cataloging agency | FISKH |
| Language of cataloging | eng |
| Transcribing agency | FISKH |
| Modifying agency | FISKH |
| 050 ## - LIBRARY OF CONGRESS CALL NUMBER | |
| Classification number | PZ7 |
| 082 ## - DEWEY DECIMAL CLASSIFICATION NUMBER | |
| Classification number | 808.3 |
| 100 ## - MAIN ENTRY--PERSONAL NAME | |
| Personal name | Gaydos, Nora |
| 245 ## - TITLE STATEMENT | |
| Title | Nir! read it, write it, draw it : |
| Remainder of title | The bus stop / |
| Statement of responsibility, etc. | Written by Nora Gaydos ; Illustrated by Nick Diggory |
| 260 ## - PUBLICATION, DISTRIBUTION, ETC. | |
| Place of publication, distribution, etc. | Norwalk : |
| Name of publisher, distributor, etc. | Innovative Kids, |
| Date of publication, distribution, etc. | 2008. |
| 300 ## - PHYSICAL DESCRIPTION | |
| Extent | 32 pages : c |
| Other physical details | olor illustrations ; |
| Dimensions | 23 cm |
| 490 ## - SERIES STATEMENT | |
| Series statement | Now i'm reading : |
| Volume/sequential designation | Level 1 |
| 505 ## - FORMATTED CONTENTS NOTE | |
| Formatted contents note | G<br/> |
| 520 ## - SUMMARY, ETC. | |
| Summary, etc. | This extension of the award-winning, best-selling series by acclaimed author, Nora Gaydos, engages kids in an entertaining, hands-on reading, writing, and drawing experience! Includes more than 20 stickers. Level 1 - The Reading section mixes short-vowel words, sight word reinforcement, simple sentences, and strong picture clues. The Writing section teaches penmanship, spelling reinforcement, simple word recognition and builds comprehension. The Drawing section allows coloring in pre-existing scenes and creative expression.In the Bus Stop, Duck finds some messy ways to pass the time while waiting for the bus. |
| 521 8# - TARGET AUDIENCE NOTE | |
| Target audience note | 300<br/> |
| Source | Lexile estimate<br/> |
| 521 8# - TARGET AUDIENCE NOTE | |
| Target audience note | G<br/> |
| Source | Raz-Plus<br/> |
| 650 ## - SUBJECT ADDED ENTRY--TOPICAL TERM | |
| Topical term or geographic name entry element | Bus |
| Form subdivision | Animals |
| 700 ## - ADDED ENTRY--PERSONAL NAME | |
| Personal name | Diggory, Nick |
| Relator term | illustrator |
| 942 ## - ADDED ENTRY ELEMENTS (KOHA) | |
| Source of classification or shelving scheme | Dewey Decimal Classification |
| Koha item type | Books |
| Suppress in OPAC | No |
| Withdrawn status | Lost status | Source of classification or shelving scheme | Damaged status | Not for loan | Collection | Home library | Current library | Shelving location | Date acquired | Total Checkouts | Full call number | Barcode | Date last seen | Copy number | Price effective from | Koha item type |
|---|---|---|---|---|---|---|---|---|---|---|---|---|---|---|---|---|
| Dewey Decimal Classification | Juvenile Fiction | Footprints International School Library Network Toul Kork Campus | Footprints International School Library Network Toul Kork Campus | TK Primary Library Room(4th Floor), Bookcase 7, Shelves 57-60, Dark Green Books | 05/29/2025 | GAY 808.3 PZ7 | FISTK01229 | 05/29/2025 | 1 | 05/29/2025 | Books | |||||
| Dewey Decimal Classification | Juvenile Fiction | Footprints International School Library Network Toul Tom Poung Campus | Footprints International School Library Network Toul Tom Poung Campus | TTP Primary Green Bookshelves | 07/28/2025 | GAY 808.3 PZ7 | FIS02621 | 07/28/2025 | 2 | 07/28/2025 | Books |
